Marketing management with infotrac college edition / (Record no. 344579)

000 -LEADER
fixed length control field 01270 a2200217 4500
020 ## - INTERNATIONAL STANDARD BOOK NUMBER
International Standard Book Number 0324022034
020 ## - INTERNATIONAL STANDARD BOOK NUMBER
International Standard Book Number 9780324022032
082 04 - DEWEY DECIMAL CLASSIFICATION NUMBER
Classification number 658.8
090 ## - LOCALLY ASSIGNED LC-TYPE CALL NUMBER (OCLC); LOCAL CALL NUMBER (RLIN)
-- 2076
-- 2076
100 1# - MAIN ENTRY--PERSONAL NAME
Personal name Czinkota, Michael R.
245 10 - TITLE STATEMENT
Title Marketing management with infotrac college edition /
Statement of responsibility, etc. Michael R. Czinkota.
250 ## - EDITION STATEMENT
Edition statement 2nd ed.
260 ## - PUBLICATION, DISTRIBUTION, ETC.
Place of publication, distribution, etc. [S.l.] :
Name of publisher, distributor, etc. South-Western College Pub,
Date of publication, distribution, etc. 2000.
300 ## - PHYSICAL DESCRIPTION
Extent 598 p. ;
Dimensions 29 cm.
500 ## - GENERAL NOTE
General note Hardcover.
520 ## - SUMMARY, ETC.
Summary, etc. A marketing management course shouldn't be treated like a principles class. And, an upper-level text doesn't need to be written like an encyclopedia. That's why Marketing Management, 2e by Michael Czinkota and Masaaki Kotabe takes a direct, "no bull" approach, bringing concepts to life without dry explanations and unnecessary "extra" information. Theoretical and practical considerations are balanced throughout. Coverage of critical and contemporary marketing topics includes integration of e-commerce and a unique chapter on estimating marketing demand.
700 1# - ADDED ENTRY--PERSONAL NAME
Personal name Kotabe, Masaaki.
856 40 - ELECTRONIC LOCATION AND ACCESS
Materials specified Amazon.com
Uniform Resource Identifier <a href="http://www.amazon.com/exec/obidos/ASIN/0324022034/chopaconline-20">http://www.amazon.com/exec/obidos/ASIN/0324022034/chopaconline-20</a>
856 40 - ELECTRONIC LOCATION AND ACCESS
Materials specified Amazon customer reviews
Uniform Resource Identifier <a href="http://www.chopac.org/cgi-bin/tools/azrev.pl?q=0324022034">http://www.chopac.org/cgi-bin/tools/azrev.pl?q=0324022034</a>
942 ## - ADDED ENTRY ELEMENTS (KOHA)
Institution code [OBSOLETE] NBS
Koha item type Book
Call number prefix 658.8 CZI
Holdings
Withdrawn status Lost status Damaged status Not for loan Permanent Location Current Location Date acquired Total Checkouts Full call number Barcode Date last seen Price effective from Koha item type
        Central Library (CL) Central Library (CL) 08/28/2013   658.8 CZI NBS5218 08/28/2013 08/28/2013 Book
        Central Library (CL) Central Library (CL) 08/28/2013   658.8 CZI NBS5836 08/28/2013 08/28/2013 Book
        Central Library (CL) Central Library (CL) 08/28/2013   658.8 CZI NBS5217 08/28/2013 08/28/2013 Book
© 2023 Central Library, National University of Sciences and Technology. All Rights Reserved.